| 000 -LEADER |
| fixed length control field |
00687nam a2200241Ia 4500 |
| 001 - CONTROL NUMBER |
| control field |
3167 |
| 003 - CONTROL NUMBER IDENTIFIER |
| control field |
GE_BSU |
| 008 - FIXED-LENGTH DATA ELEMENTS--GENERAL INFORMATION |
| fixed length control field |
181216s||||||||xx |||||||||||||| ||und|| |
| 020 ## - INTERNATIONAL STANDARD BOOK NUMBER |
| International Standard Book Number |
0070549818; 5798900304; |
| 040 ## - CATALOGING SOURCE |
| Transcribing agency |
GE_BSU |
| 080 ## - UNIVERSAL DECIMAL CLASSIFICATION NUMBER |
| Universal Decimal Classification number |
331.586(075.8) |
| 100 ## - MAIN ENTRY--PERSONAL NAME |
| Personal name |
Самуэльсон,А.Пол.,Нордхаус В.Д. |
| 245 ## - TITLE STATEMENT |
| Title |
Экономика=EKONOMICS |
| 245 ## - TITLE STATEMENT |
| Statement of responsibility, etc. |
Пер.с англ.Под ред. Л.С.Тарасевича,А.И.Леуjского |
| 250 ## - EDITION STATEMENT |
| Edition statement |
изд пятнадцатоу |
| 260 ## - PUBLICATION, DISTRIBUTION, ETC. |
| Place of publication, distribution, etc. |
Москва |
| 260 ## - PUBLICATION, DISTRIBUTION, ETC. |
| Name of publisher, distributor, etc. |
Бином |
| 260 ## - PUBLICATION, DISTRIBUTION, ETC. |
| Date of publication, distribution, etc. |
1997 |
| 300 ## - PHYSICAL DESCRIPTION |
| Extent |
800 ст |
| 653 ## - INDEX TERM--UNCONTROLLED |
| Uncontrolled term |
Экономика |
| 942 ## - ADDED ENTRY ELEMENTS (KOHA) |
| Koha item type |
წიგნი |